Statistics for Movies by Book: Different Titles

Click here to take the quiz!

General Stats

  • This quiz has been taken 62 times
  • The average score is 7 of 19

Answer Stats

BookAuthorFilmActor% Correct
OilUpton SinclairThere Will Be BloodDaniel Day-Lewis
57%
The BodyStephen KingStand By MeRiver Phoenix
56%
We Can Remember It For You WholesalePhilip K. DickTotal RecallArnold Schwarzenegger
56%
Lost MoonJim LovellApollo 13Tom Hanks
54%
WiseguyNicholas PileggiGoodfellasRay Liotta
52%
Queen Bees & WannabesRosalind WisemanMean GirlsLindsay Lohan
52%
Heart of DarknessJoseph ConradApocalypse NowMartin Sheen
50%
Do Androids Dream of Electric Sheep?Philip K. DickBlade RunnerRutger Hauer
48%
The Sheep-PigDick King-SmithBabeJames Cromwell
39%
Nothing Lasts ForeverRoderick ThorpDie HardBruce Willis
37%
Shoeless JoeW.P. KinsellaField of DreamsKevin Costner
37%
PushSapphirePreciousMariah Carey
30%
My Posse Don't Do HomeworkLouAnne JohnsonDangerous MindsMichelle Pfeiffer
26%
A Princess Of MarsEdgar Rice BurroughsJohn CarterTaylor Kitsch
20%
Eaters of the DeadMichael CrichtonThe 13th WarriorAntonio Banderas
15%
Mrs. Frisby and the Rats of NIMHRobert C. O'BrienThe Secret of NIMHDom DeLouise
15%
Who Goes There?John W. CampbellThe ThingKurt Russell
9%
The Man-Eaters of TsavoJ.H. PattersonThe Ghost and the DarknessVal Kilmer
6%
Bringing Down the HouseBen Mezrich21Kevin Spacey
4%

Score Distribution

Percentile by Number Answered

Percent of People with Each Score

Your Score History

You have not taken this quiz